| 000 | 00493nam a2200145Ia 4500 | ||
|---|---|---|---|
| 008 | 210430s9999 xx 000 0 und d | ||
| 020 | _a0-13-011386-7 | ||
| 082 | _a660.29 E44 I | ||
| 100 |
_aJ. Richard Elliott, Carl T. Lira _9127647 |
||
| 245 |
_aIntroductory chemical engineering thermodynamics / _cElliott, J. Richard. |
||
| 260 |
_a[S.l.] : _bPrentice Hall, _c1999 |
||
| 300 | _a660 p. ; | ||
| 856 | _uhttp://www.amazon.com/exec/obidos/ASIN/0130113867/chopaconline-20 | ||
| 942 |
_cBK _2ddc |
||
| 999 |
_c564428 _d564428 |
||